| 000 | 00472nam a2200169Ia 4500 | ||
|---|---|---|---|
| 001 | 11265 | ||
| 008 | 170211s1951 ii a g b000 u 346 u | ||
| 082 | _a891.444 | ||
| 100 |
_aMajumdar, M.L., _eAuthor., |
||
| 245 | 0 |
_aBangla Prabandha O Rachana-Riti / _cM.L. Majumdar. _hTextual Documents |
|
| 250 | _a1st ed / | ||
| 260 |
_aCalcutta : _bThe City Book Co , _c1951. |
||
| 300 |
_a471p. : _bill. ; _c19cm. . |
||
| 653 | _aBengali | ||
| 653 | _aMS-Bengali | ||
| 942 |
_2ddc _cBK |
||
| 999 |
_c11252 _d11252 |
||